00561nmm a2200169Ia 4500008004100000020001800041041000800059100002800067245007200095264005000167300001600217490001600233650003100249700002800280700003200308856005100340251105s9999||||xx |||||||||||||||||und|| a9788415893714 aspa aMoore Fitzgerald, Sarah 0aUna tarta de manzana llena de esperanza :b Siempre queda una miga? a[Madrid, España] :bMaeva Ediciones, c2014 a0 páginas aMaeva Young aTeen & Young Adult Fiction aMoore Fitzgerald, Sarah1 a Fernández Ordás, Sonia uhttps://public.digitaliapublishing.com/a/31407